Principles of marketing / (Record no. 5682)
[ view plain ]
| 000 -LEADER | |
|---|---|
| fixed length control field | 00823cam a22002174a 4500 |
| 001 - CONTROL NUMBER | |
| control field | 11965369 |
| 005 - DATE AND TIME OF LATEST TRANSACTION | |
| control field | 20250506161226.0 |
| 008 - FIXED-LENGTH DATA ELEMENTS--GENERAL INFORMATION | |
| fixed length control field | 000405s2000 enka b 001 0 eng |
| 020 ## - INTERNATIONAL STANDARD BOOK NUMBER | |
| International Standard Book Number | 0198775512 |
| 050 00 - LIBRARY OF CONGRESS CALL NUMBER | |
| Classification number | HF5415 |
| Item number | .P2343 2000 |
| 082 00 - DEWEY DECIMAL CLASSIFICATION NUMBER | |
| Classification number | 658.8 |
| Edition information | 21 |
| 100 1# - MAIN ENTRY--PERSONAL NAME | |
| Personal name | Palmer, Adrian. |
| 245 10 - TITLE STATEMENT | |
| Title | Principles of marketing / |
| Statement of responsibility, etc. | Adrian Palmer. |
| 260 ## - PUBLICATION, DISTRIBUTION, ETC. | |
| Place of publication, distribution, etc. | Oxford ; |
| -- | New York : |
| Name of publisher, distributor, etc. | Oxford University Press, |
| Date of publication, distribution, etc. | 2000. |
| 300 ## - PHYSICAL DESCRIPTION | |
| Extent | xx, 644 p. : |
| Other physical details | ill. ; |
| Dimensions | 25 cm. |
| 650 #0 - SUBJECT ADDED ENTRY--TOPICAL TERM | |
| Topical term or geographic name entry element | Marketing. |
| 856 42 - ELECTRONIC LOCATION AND ACCESS | |
| Materials specified | Publisher description |
| Uniform Resource Identifier | <a href="http://www.loc.gov/catdir/enhancements/fy0610/00039933-d.html">http://www.loc.gov/catdir/enhancements/fy0610/00039933-d.html</a> |
| 856 41 - ELECTRONIC LOCATION AND ACCESS | |
| Materials specified | Table of contents only |
| Uniform Resource Identifier | <a href="http://www.loc.gov/catdir/enhancements/fy0610/00039933-t.html">http://www.loc.gov/catdir/enhancements/fy0610/00039933-t.html</a> |
| 856 42 - ELECTRONIC LOCATION AND ACCESS | |
| Materials specified | Contributor biographical information |
| Uniform Resource Identifier | <a href="http://www.loc.gov/catdir/enhancements/fy0724/00039933-b.html">http://www.loc.gov/catdir/enhancements/fy0724/00039933-b.html</a> |
| 942 ## - ADDED ENTRY ELEMENTS (KOHA) | |
| Source of classification or shelving scheme | Library of Congress Classification |
| Koha item type | Books |
| Suppress in OPAC | No |
| 999 ## - | |
| -- | 5682 |
| -- | 5682 |
| Withdrawn status | Lost status | Source of classification or shelving scheme | Damaged status | Not for loan | Collection | Home library | Current library | Shelving location | Date acquired | Total checkouts | Full call number | Barcode | Date last seen | Copy number | Price effective from | Koha item type |
|---|---|---|---|---|---|---|---|---|---|---|---|---|---|---|---|---|
| Library of Congress Classification | Non-fiction | Undergraduate Library (Christ Temple) | Undergraduate Library (Christ Temple) | General stacks | 05/06/2025 | HF5415 PAL | ulct00002245 | 05/06/2025 | 1 | 05/06/2025 | Books | |||||
| Library of Congress Classification | Non-fiction | Undergraduate Library (Christ Temple) | Undergraduate Library (Christ Temple) | General stacks | 05/06/2025 | HF5415 PAL | ulct00002246 | 05/06/2025 | 2 | 05/06/2025 | Books | |||||
| Library of Congress Classification | Non-fiction | Undergraduate Library (Christ Temple) | Undergraduate Library (Christ Temple) | General stacks | 05/06/2025 | HF5415 PAL | ulct00002247 | 05/06/2025 | 1 | 05/06/2025 | Books |